[Event "Campionatul National de sah pe echipe m"]
[Site "Mamaia-Constanta"]
[Date "2013.09.08"]
[Round "9.2"]
[White "Balog, Imre"]
[Black "Petrisor, Adrian-Marian"]
[Result "1/2-1/2"]
[WhiteElo "2534"]
[BlackElo "2401"]
[PlyCount "50"]
[EventDate "2013.08.31"]
[EventRounds "9"]
[WhiteTeam "CS POLITEHNICA IASI"]
[BlackTeam "CS MUNCITORUL RESITA"]

1. Nf3 Nf6 2. g3 g6 3. Bg2 Bg7 4. O-O O-O 5. d4 d5 6. c4 Nc6 7. Ne5 dxc4 8.
Nxc6 bxc6 9. Na3 Be6 10. Bxc6 Rb8 11. Bg2 Bd5 12. f3 Ne8 13. e4 Ba8 14. Be3
Rxb2 15. Nxc4 Rb4 16. Rc1 Nd6 17. Qd3 Qb8 18. Rfd1 Rd8 19. Na5 Bxd4 20. Nb3
Bxe3+ 21. Qxe3 Rc8 22. Bh3 Re8 23. Bd7 Rd8 24. Bh3 Re8 25. Bd7 Rd8 1/2-1/2

[Event "Campionatul National de sah pe echipe m"]
[Site "Mamaia-Constanta"]
[Date "2013.09.08"]
[Round "9.3"]
[White "Thesing, Matthias"]
[Black "Mateuta, Gabriel"]
[Result "0-1"]
[WhiteElo "2383"]
[BlackElo "2517"]
[PlyCount "24"]
[EventDate "2013.08.31"]
[EventRounds "9"]
[WhiteTeam "CS MUNCITORUL RESITA"]
[BlackTeam "CS POLITEHNICA IASI"]

1. e4 c6 2. d4 d5 3. exd5 cxd5 4. c4 Nf6 5. Nc3 Nc6 6. Nf3 Be6 7. cxd5 Bxd5 8.
Be2 e6 9. O-O Be7 10. Be3 O-O 11. h3 Qd6 12. Nb5 $11 Qb8 0-1